Statistics for Picture Memory Quiz #1

Click here to take the quiz!

General Stats

  • This quiz has been taken 1,067 times
  • The average score is 5 of 15

Answers on the Map

Answers color-coded by a green-red scale on the quiz's map according to % correct below.
 

Answer Stats

QUESTIONANSWER% Correct
What is written on the submarine?U99
79%
What name is written on a fisherman's back?Fred
62%
What kind of building can we see?a lighthouse
58%
What is the woman in the red bikini doing?wakeboarding
53%
What is the name of the yellow boat?Peppermint Prowler
51%
What animal is on the front of the paddleboard?a dog
49%
What is the submarine's cook holding in his left hand?a sausage
31%
What is the man half inside the submarine's tower holding?binoculars
24%
What is the clean-shaven man in the life raft doing?inflating it
23%
What is on top of the buoy?a flag
14%
What has the man on the front of the submarine lost?his hat
14%
What weapon can we see in the picture?a harpoon
13%
What is the man nearest the swimming birds floating in?a life ring
12%
What has the fisherman on the right hooked?the submarine
7%
What is the bald man doing?piloting the yellow boat
5%

Score Distribution

Percentile by Number Answered

Percent of People with Each Score

Your Score History

You have not taken this quiz